Loading...
| Fine Arts - Other | 2 | 8 | 1 | 3 | 105 | 77 | 124.90 | 3 | 8 | 0.00 | 0.00 |
| History - World | 2 | 4 | 0 | 1 | 70 | 45 | 82.67 | 1 | 6 | 0.00 | 0.00 |
| Fine Arts - Auditory | 0 | 5 | 0 | 1 | 50 | 104 | 131.00 | 0 | 4 | 0.00 | 0.00 |
| Literature - British | 1 | 3 | 1 | 0 | 40 | 53 | 113.00 | 2 | 2 | 0.00 | 0.00 |
| Literature - World | 0 | 4 | 0 | 2 | 40 | 104 | 133.00 | 1 | 2 | 0.00 | 0.00 |
| Literature - American | 0 | 4 | 0 | 1 | 40 | 108 | 126.25 | 2 | 4 | 0.00 | 0.00 |
| History - American | 1 | 3 | 2 | 1 | 35 | 61 | 94.25 | 2 | 3 | 0.00 | 0.00 |
| History - Ancient/Other | 1 | 2 | 1 | 0 | 30 | 87 | 93.00 | 1 | 3 | 0.00 | 0.00 |
| Literature - European | 0 | 3 | 1 | 0 | 25 | 128 | 139.67 | 1 | 1 | 0.00 | 0.00 |
| Philosophy | 0 | 3 | 1 | 0 | 25 | 82 | 107.67 | 0 | 2 | 0.00 | 0.00 |
| Social Science | 1 | 1 | 1 | 0 | 20 | 55 | 99.00 | 1 | 2 | 0.00 | 0.00 |
| Other Academic | 0 | 2 | 0 | 0 | 20 | 97 | 111.50 | 1 | 1 | 0.00 | 0.00 |
| Science - Biology | 1 | 1 | 1 | 1 | 20 | 59 | 93.00 | 0 | 1 | 0.00 | 0.00 |
| Current Events | 1 | 0 | 0 | 0 | 15 | 52 | 52.00 | 1 | 1 | 0.00 | 0.00 |
| Fine Arts - Visual | 0 | 1 | 1 | 0 | 5 | 82 | 82.00 | 0 | 1 | 0.00 | 0.00 |
| Religion | 0 | 1 | 1 | 1 | 5 | 135 | 135.00 | 0 | 1 | 0.00 | 0.00 |
| History - European | 0 | 2 | 3 | 0 | 5 | 107 | 117.00 | 0 | 0 | 0.00 | 0.00 |